000 00643nam a22002057a 4500
003 OSt
005 20251205074359.0
008 251205b |||||||| |||| 00| 0 eng d
020 _a0-697-37286-3.
040 _aDWCL-Main lib
_cOC
082 _aCirc. 155.05 H918 1997
100 _aFreiberg, Karen L.
245 _aHuman development 97/98
_cFreiberg, Karen L.
260 _aConn. :
_bDushkin publishing Group/brown & Benchmark Publishers,
_cc1997.
300 _a272 pages ;
_c27 cm.
650 _21. Child study-Periodicals.
650 _22. Old age-Periodicals.
650 _23. Socialization-Periodicals.
942 _2ddc
_cBK-CIRC
_kCirc.
_n0
999 _c6958
_d6958